Acta Philosophica Tomus IV.

Elmentve itt :
Bibliográfiai részletek
További közreműködők: Kalocsai Dezső
Dokumentumtípus: Folyóirat
Megjelent: 1962
Sorozat:Acta Universitatis Szegediensis : sectio philosophica 4
Kulcsszavak:Filozófia - tanulmányok
Online Access:http://acta.bibl.u-szeged.hu/37006
LEADER 00605nas a2200193 i 4500
001 acta37006
005 20210915112334.0
008 161201s1962 hu o 0|| hun d
040 |a SZTE Egyetemi Kiadványok Repozitórium  |b hun 
041 |a hun 
041 |a ger 
041 |a rus 
245 0 0 |a Acta Philosophica Tomus IV.  |h [elektronikus dokumentum] 
260 |c 1962 
300 |a 84 
490 0 |a Acta Universitatis Szegediensis : sectio philosophica  |v 4 
695 |a Filozófia - tanulmányok 
700 0 1 |a Kalocsai Dezső 
856 4 0 |u http://acta.bibl.u-szeged.hu/37006/1/philosophica_004.pdf  |z Dokumentum-elérés